00262nam a2200109Ia 4500100001500000654001300015245005300028260004300081082000800124300000800132546001200140 aBahrami A  asoftware aDesigning artificial intelligence based software bGalgotia PublicationsaNew Delhic1992 a6.3 a271 aENGLISH